Представление документа в формате RUSMARC

ПолеНазваниеЗначение
  Тип записи a
  Библиографический уровень m
001 Контрольный номер c708db22a51d4a4f93c7212db65d4997
005 Дата корректировки 20140604094048.2
010 Индекс ISBN __
a ISBN 978-5-904794-08-8
101 Язык документа 0_
a Язык текста rus
102 Страна публикации __
a Страна публикации RU
200 Заглавие и сведения об ответственности 1_
a Заглавие Оценка, выбор и анализ инвестиционных проектов
f Первые сведения об ответственности И. М. Брыкин, А. В. Беклемишев
210 Выходные данные 1_
c Издательство Междунар. Медиа Группа
d Дата издания 2011
215 Физическое описание __
a Объем 45, [3] с.
225 Серия 2_
a Серия Финансовая газета: международный финансовый еженедельник
610 Ключевые слова 0_
a Ключевые слова инвестиционные проекты
610 Ключевые слова 0_
a Ключевые слова оценка
610 Ключевые слова 0_
a Ключевые слова анализ
610 Ключевые слова 0_
a Ключевые слова дисконтирование
610 Ключевые слова 0_
a Ключевые слова временная стоимость денег
610 Ключевые слова 0_
a Ключевые слова риски
686 Индексы других классификаций __
a Классификационный индекс 65.9(2)-56
2 Код системы rubbk
700 Автор _1
a Фамилия Брыкин
b Имя И. М.
g Полное личное имя Илья Михайлович
701 Альтернативная интеллектуальная ответственность _1
a Фамилия Беклемишев
b Имя А. В.
g Полное личное имя Алексей Владимирович
801 Источник записи _0
a Страна RU
b Организация РУК
c Дата составления 20110524
g Правила каталогизации PSBO
801 Источник записи _1
a Страна RU
b Организация РУК
c Дата составления 20110524
g Правила каталогизации PSBO
852 Данные о местонахождении __
j Шифр хранения ББК 65.9(2)
i Авторский знак Б 89
901 Тип документа __
t Тип документа m
938 Служебная информация __
a Название организации Головной вуз
b Имя БД BOOK
c Название АИБС АИБС ИРБИС